Egy ; Kettő

Podrobná bibliografia
Hlavný autor: Soóky, László, 1952-2020 (Autor)
Ďalší autori: Šmídová, Klára, 1956- (Ilustrátor)
Médium: Článok
Jazyk:maďarčina
slovenčina
Fyzický popis:Obr.
Predmet:

MARC

LEADER 00000nab a2200000 a 4500
001 vtls000713843
003 SK-MaSNL
005 20260304010016.0
008 160314c2000 xo 0 hun
015 |a SNBRB2000/02-05286 
035 |a CLN000066010 
040 |a SNKBUCL  |b slo  |c SNKBUCL  |e AACR2 
041 0 |a slo 
044 |a xo  |c SK 
080 |a 894.511 (437.6)-1(087.5)=945.11  |2 UDC-MRF-SK2 
100 1 |a Soóky, László,  |d 1952-2020  |4 aut  |9 248656 
245 1 0 |a Egy ; Kettő  |c Soóky László ; illusztrálta Š. Horváth Klára 
300 |b Obr. 
650 0 7 |a naratívne básne, maďarské  |2 snkbucl  |9 71242 
700 1 |a Šmídová, Klára,  |d 1956-  |4 ill  |9 133350 
773 0 |t Tücsök  |g Roč. 10, č. 5 (1999/2000), s. 10 
850 |a Slovenská národná knižnica v Martine 
852 |a SNK  |b KIS3GCP 
958 |a HU 
958 |a SK 
958 |a LX 
958 |a RBX 
999 |c 2558634  |d 2560564